| 000 | 00772nam a2200229 i 4500 | ||
|---|---|---|---|
| 001 | 184722 | ||
| 003 | ES-MaACL | ||
| 005 | 20250804063443.0 | ||
| 008 | 151118s2013 sp |||| | spa d | ||
| 020 | _a978-84-941635-3-1 | ||
| 080 | _a821.134.2-31"19" | ||
| 100 | 1 |
_aMartínez Llamas, Antonio, _d1952- _9158175 |
|
| 245 | 1 | 0 |
_aAsesinar al rey _b: el llanto de los dátiles en el Sáhara Occidental / _cAntonio Martínez Llamas. |
| 260 |
_aLeón : _bLobo Sapiens, _c2013. |
||
| 300 |
_a512 p. ; _c24 cm. |
||
| 490 | 1 | _aNarravida | |
| 651 | 4 |
_aSahara Occidental- _xHistoria- _y1884-1975- _vNovelas. _9158176 |
|
| 830 | 0 |
_aNarravida _9225120 |
|
| 852 |
_aES-MaACL _jA-13625 _9191733 _bR.150868 _cDEPO1 _dOlim: N-6625 |
||
| 942 | _2udc | ||
| 999 |
_c184722 _d184722 |
||